| 000 | 00513nam a22002057a 4500 | ||
|---|---|---|---|
| 003 | OSt | ||
| 005 | 20140310181804.0 | ||
| 008 | 130704t xxu||||| |||| 00| 0 eng d | ||
| 020 | _a9780470178393 | ||
| 050 |
_aPF 3121 _b.F932 2008 |
||
| 082 |
_aREF 443 _bF92 2008 |
||
| 245 |
_aGerman phrasefinder & dictionary / _cFrommer's |
||
| 250 | _a1st ed. | ||
| 260 |
_aNew Jersey : _bWiley, _cc2008. |
||
| 300 |
_a264p. _c14 cm. |
||
| 521 | _a | ||
| 541 | _j1 | ||
| 562 | _e1 | ||
| 942 |
_2lcc _cBK-GR _kREF |
||
| 999 |
_c3737 _d3737 |
||